Statistiques concernant Brassens - Le bistrot paroles

Cliquez ici pour prendre le quiz!

Statistiques générales

  • Ce quiz a été pris 75 fois
  • Le résultat moyen est 185 sur 265

Statistiques - réponses

Réponse% Correct
de
100%
Le
100%
le
100%
a
98%
à
98%
bistrot
98%
98%
la
98%
Du
95%
du
95%
par
95%
te
95%
un
95%
les
93%
une
93%
Une
93%
ta
88%
ce
85%
Dans
85%
dans
85%
il
85%
mais
85%
Mais
85%
pour
85%
ça
83%
coin
83%
femme
83%
83%
ne
83%
sur
83%
Sur
83%
tu
83%
vieux
83%
vin
83%
est
80%
qui
80%
sa
80%
se
80%
tenu
80%
y
80%
des
78%
dès
78%
en
78%
et
78%
pas
78%
Si
78%
si
78%
gros
76%
place
76%
que
76%
dégueulasse
73%
Dégueulasse
73%
tes
73%
bien
71%
Paris
71%
pauvre
71%
pourri
71%
tout
71%
d'un
68%
faut
68%
je
68%
mon
68%
va
68%
ces
66%
fait
66%
L'est
66%
petit
66%
s'il
66%
t'as
66%
tous
66%
voir
66%
cette
63%
fin
63%
ou
63%
plus
63%
ses
63%
belle
61%
Car
61%
classe
61%
comme
61%
dépasse
61%
palace
61%
face
59%
fée
59%
l'eau
59%
n'a
59%
n'es
59%
armure
56%
bec
56%
bouge
56%
d'acier
56%
main
56%
matelasse
56%
nectar
56%
n'est
56%
yeux
56%
avec
54%
bleu
54%
d'ici
54%
l'gosier
54%
Passy
54%
toutes
54%
fleur
51%
flic-flac
51%
gare
51%
lourd
51%
punit
51%
qu'une
51%
d'première
49%
fine
49%
gars
49%
Goûte
49%
jolie
49%
jusqu'
49%
trop
49%
velours
49%
viennent
49%
calamiteux
46%
embrasse
46%
fais
46%
fasse
46%
glace
46%
nez
46%
populace
46%
qu'on
46%
trouveras
46%
bloc
44%
casse
44%
c'est
44%
chanceux
44%
dégèlera
44%
discours
44%
enlace
44%
espèce
44%
harengs
44%
haut
44%
marmiteux
44%
rang
44%
tasse
44%
audaces
41%
bas
41%
boive
41%
claque
41%
geste
41%
l'amour
41%
mettra
41%
voulez-vous
41%
c'en
39%
fontaines
39%
grâce
39%
l'agacent
39%
menaces
39%
séduit
39%
tâche
39%
aujourd'hui
37%
fond
37%
sois
37%
cour
34%
exquis
34%
fera
34%
fou
34%
poli
34%
trésors
34%
vraiment
34%
certes
32%
cornes
32%
injuste
32%
Wallace
32%
l'dos
29%
appas
15%

Distribution des résultats

Percentile par nombre de réponses

% des personnes avec chaque résultat

Votre développement - résultats

Vous n’avez pas pris ce quiz